Le conflit hispano-americano /

Guardado en:
Autor Principal: Nimal, H. De
Formato: Libro
Publicado: Charleroi : F. Henry-quinet, 1898
Materias:
Etiquetas: Agregar Etiqueta
Sin Etiquetas, Sea el primero en etiquetar este registro!
LEADER 00469nam a22001575a 4500
001 EHU.bham013116
003 AR-BHAM
005 20100226160624.0
008 130507s1898##################000#0#####d
082 9 7 |a 972.9105 
100 1 |a Nimal, H. De 
245 1 0 |a Le conflit hispano-americano /  |c H. De Nimal 
260 |a Charleroi :  |b F. Henry-quinet,  |c 1898 
300 |a 33 p. 
653 |a Historia de cuba-1810-1898 
859 |a AR-BHAM  |b BIB. HUMANIDADES - General  |h 972.9105  |i N612  |p 1846.62  |t Ej.1